000 00563nam a2200217Ia 4500
008 160216s9999 xx 000 0 und d
020 _a971-08-6959-0
050 _aFIL QA 76.5
050 _b.F35 2010 c.2
100 _aFajarito, Dennis T.
245 _aComputer fundamentals /
245 _cDennis T. Fajarito.
260 _aMandaluyong:
260 _bNational Book Store,
260 _c2010
300 _a195 pages :
300 _bill. ;
300 _c23 cm.
500 _aInludes bibliographical references.
650 _aComputer fundamentals.
999 _c290953
_d290953